00567 a2200181 450000100060000002000150000604000220002110000260004324000190006924500140008830000070010236200090010965000230011894200070014195201130014895201070026199900170036856999 a8502020307 cAnchieta - Pituba aNeves, Antonio Carlos10aFantasmaslpor10aFantasmas a950 a2005 4aLiteratura juvenil cBK 00104070a91.1b91.1d2023-11-21l0oLJ 028.5 N518f NEV FANp6791/PITr2023-11-21 18:24:35w2023-11-21yBK 00102ddc4070a57.2b57.2d2024-05-07l0pnt361r2024-05-07 18:13:55w2024-05-07yBKzEstante Azulu c56999d56999